| 000 | 00659cam a2200265 4500 | ||
|---|---|---|---|
| 008 | 090401t1996 xxu||||| |||| 00| 0 eng d | ||
| 020 | _a0421586702 | ||
| 035 | _a(Sirsi) u29689 | ||
| 041 | _aeng | ||
| 050 | _a306.026 | ||
| 100 | _aArden, Andrew | ||
| 245 | _aHousing Act 1996. | ||
| 260 |
_aLondon _bSweet & Maxwell _c1996 |
||
| 300 | _axxxvii,384p. ; 24cm. | ||
| 350 | _a24 | ||
| 650 | _aASSURED TENANCIES | ||
| 650 | _aHOUSES IN MULTIPLE OCCUPATION | ||
| 650 | _aHOUSING ACT 1996 | ||
| 650 | _aSOCIAL HOUSING | ||
| 650 | _aSOCIAL RENTED SECTOR | ||
| 690 | _aHOUSING | ||
| 700 | _aHunter, Caroline | ||
| 942 | _n0 | ||
| 948 | _c04/03/1997 | ||
| 999 |
_c89448 _d89448 |
||